Online
Catalog
Normal view MARC view

Entry Nombre personal

Number of records used in: 56

001 - NÚMERO DE CONTROL

  • campo de control: 83484

003 - IDENTIFICADOR DEL NÚMERO DE CONTROL

  • campo de control: DO-SdBNP

005 - FECHA Y HORA DE LA ÚLTIMA TRANSACCIÓN

  • campo de control: 20240506134159.0

008 - DATOS DE LONGITUD FIJA

  • campo de control de longitud fija: 230531|| aca||aabn | a|a d

010 ## - NÚMERO DE CONTROL DE LA BIBLIOTECA DEL CONGRESO

  • Número de control de LC: no2019065742

040 ## - FUENTE DE LA CATALOGACIÓN

  • Centro catalogador/agencia de origen: DO-SdBNP
  • Lengua de catalogación: spa
  • Centro/agencia transcriptor: BNPHU
  • Normas de descripción: rda

100 1# - ENCABEZAMIENTO-NOMBRE DE PERSONA

  • Nombre de persona: Miller, Jeannette,
  • Fechas asociadas al nombre: 1944-

370 ## - LUGAR ASOCIADO

  • Lugar de nacimiento: Santo Domingo, República Dominicana
  • País asociado: Estados Unidos
  • Lugar de residencia/sede: San Anselmo (Calif.)
  • Fuente del término: naf

374 ## - OCUPACIÓN

  • Ocupación: Escritora
  • Ocupación: Poeta
  • Ocupación: Narradora
  • Ocupación: Ensayista
  • Ocupación: Historiadora de arte dominicana

375 ## - GÉNERO/SEXO

  • Género/Sexo: Femenino

377 ## - LENGUA/LENGUAJE ASOCIADO

  • Código del idioma: spa

400 1# - TRAZADO DE VÉASE--NOMBRE DE PERSONA

  • Nombre de persona: Miller Rivas, Jeannette de los Ángeles
  • Fechas asociadas al nombre: 1944-

670 ## - FUENTE DE DATOS ENCONTRADOS

  • Cita de la fuente: Work cat.: (DO-SdBNP)53668: 29500 Díaz, Polibio, autor, Espantapajaros del sur /

670 ## - FUENTE DE DATOS ENCONTRADOS

  • Identificador Uniforme del Recurso: https://es.wikipedia.org/wiki/Jeannette_Miller Consultado en 06 de Mayo, 2024

670 ## - FUENTE DE DATOS ENCONTRADOS

  • Identificador Uniforme del Recurso: https://authorities.loc.gov/cgi-bin/Pwebrecon.cgi?AuthRecID=11046489&v1=1&HC=1&SEQ=20240506122337&PID=mPzH4sUumZyc8epEOh34c5d06D5Z Consultado en 06 de Mayo, 2024

Powered by Koha